[Event "Oz.com qualifier blitz"]
[Site "Internet ICC"]
[Date "2000.03.05"]
[Round "4"]
[White "Kaidanov,G"]
[Black "Gunnarsson,J"]
[Result "1-0"]
[WhiteElo "2599"]
[BlackElo "2400"]

1.d4 Nf6 2.c4 c5 3.d5 b5 4.cxb5 a6 5.bxa6 Bxa6 6.Nc3 d6 7.Nf3 g6 8.g3 Bg7
9.Bg2 O-O 10.O-O Nbd7 11.Rb1 Nb6 12.b3 Qc7 13.Bb2 Ng4 14.Qd2 Ne5 15.Nxe5 Bxe5
16.Rfc1 Rfc8 17.Ne4 Bxb2 18.Rxb2 Bb7 19.Qh6 Nxd5 20.Ng5 Nf6 21.Rc4 Bxg2 22.Nxh7 Nxh7
23.Rh4 e5 24.Qxh7+ Kf8 25.Kxg2 Ke7 26.Qh6 Rg8 27.Qg5+ Ke6 28.Rh7 Qc6+ 29.f3 Rae8
30.Rd2 d5 31.h4 Qd6 32.h5 Qd8 33.Qg4+ f5 34.Qa4 Qd6 35.hxg6 Re7 36.Qh4 Rxg6
37.Rxe7+ Qxe7 38.Qxe7+ Kxe7 39.Rxd5 Ke6 40.Rxc5 Rg8 41.a4 Rb8 42.Rb5 Rc8
43.a5 Rc2 44.Kf2  1-0

[Event "Oz.com qualifier blitz"]
[Site "Internet ICC"]
[Date "2000.03.05"]
[Round "9"]
[White "Bhat,V"]
[Black "Kaidanov,G"]
[Result "1-0"]
[WhiteElo "2398"]
[BlackElo "2599"]

1.e4 e5 2.Nf3 Nc6 3.Bb5 a6 4.Bxc6 dxc6 5.O-O Qd6 6.Na3 Be6 7.Qe2 f6 8.Rd1 c5
9.c3 Bg4 10.h3 Bxf3 11.Qxf3 Ne7 12.d4 cxd4 13.cxd4 exd4 14.Bf4 Qd7 15.Rac1 Nc6
16.Nc2 Rd8 17.Qg3 Qf7 18.Bxc7 Rd7 19.Bf4 Qxa2 20.e5 g5 21.Bd2 Nxe5 22.Ne1 Nc6
23.Nd3 Bd6 24.Re1+ Kf7 25.Qg4 Re7 26.Qf5 Rxe1+ 27.Rxe1 Ne7 28.Qd7 Qd5 29.Rxe7+ Kg6
30.Rg7+ Kh6 31.f4 Qe4 32.fxg5+ Kh5 33.Qg4+ Qxg4 34.hxg4+ Kxg4 35.gxf6+ Kf5
36.Rxb7 Kxf6 37.Rb6 Ke7 38.Rxa6 Rc8 39.Ra7+ Ke6 40.Kf2 h5 41.Rh7 Rf8+ 42.Ke2 Rf5
43.b4 Rb5 44.Kf3 Rb8 45.Rxh5 Rf8+ 46.Ke4 Rg8 47.Bf4 Be7 48.g3 Rd8 49.Nc5+ Bxc5
50.bxc5 d3 51.Rh6+ Kf7 52.Rd6 Rc8 53.c6  1-0

[Event "US Masters"]
[Site "Oak Bridge, IL USA"]
[Date "2000.03.10"]
[Round "2"]
[White "Karklins,A"]
[Black "Kaidanov,G"]
[Result "0-1"]
[WhiteElo "2317"]
[BlackElo "2599"]

1.e4 e5 2.Nf3 Nc6 3.Bb5 a6 4.Bxc6 dxc6 5.Nc3 Qd6 6.d4 exd4 7.Qxd4 Bg4 8.Qe5+ Qxe5
9.Nxe5 Be6 10.Nd3 O-O-O 11.Be3 f6 12.O-O-O Bd6 13.f4 b6 14.h3 Re8 15.Rhe1 Nh6
16.f5 Bd7 17.Bxh6 gxh6 18.e5 fxe5 19.g4 h5 20.Ne4 Rhf8 21.Rh1 c5 22.Ndf2 Be7
23.Rd3 Bh4 24.Rf3 c4 25.Rg1 hxg4 26.hxg4 h5 27.gxh5 Rxf5 28.Rxf5 Bxf5 29.Rh1 Be7
30.Kd2 Rh8 31.Ke3 Bf8 32.Ke2 Bh6 33.Rh4 Bf4 34.Rh1 Kd8 35.Kf3 Rg8 36.Rd1+ Ke7
37.Rh1 Rh8 38.Ke2 Kf7 39.Kf3 Rg8 40.Rd1 Rh8 41.Rh1 Ke6 42.Ke2 Rg8 43.Kf3 Bh6
44.Re1 Rf8 45.Kg2 Rg8+ 46.Kf3 Rf8 47.Kg2 a5 48.a4 Rg8+ 49.Kf3 Rf8 50.Kg2 Bh7
51.Ng4 Rf4 52.Nef2 Bg7 53.h6 Bh8 54.Re2 c3 55.b3 Rd4 56.Kf3 Rf4+ 57.Kg3 Rf8
58.Re3 c5 59.Ne4 Rg8 60.Kf3 Bf5 61.Ngf2 Rg6 62.Rd3 Ke7 63.Rd1 Rxh6 64.Rh1 Rxh1
65.Nxh1 Be6 66.Nhg3 c4 67.bxc4 Bxc4 68.Nxc3 Kd6 69.Nge4+ Kc6 70.Ke3 Bg7 71.Kf3 Bh6
72.Kg4 Be3 73.Kf5 Bd4 74.Nb1 Bg8 75.Nf6 Ba2 76.Nd2 b5 77.axb5+ Kxb5 78.Nd7 a4
79.Nxe5 a3 80.c4+ Ka4 81.Nef3  0-1

[Event "New York Open"]
[Site "New York USA"]
[Date "2000.05.06"]
[Round "4"]
[White "Lalic,B"]
[Black "Kaidanov,G"]
[Result "1/2-1/2"]
[WhiteElo "2548"]
[BlackElo "2599"]

1.e4 e6 2.d4 d5 3.Nd2 c5 4.Ngf3 cxd4 5.exd5 Qxd5 6.Bc4 Qd6 7.O-O Nf6 8.Nb3 Nc6
9.Nbxd4 Nxd4 10.Nxd4 a6 11.Re1 Qc7 12.Bb3 Bd6 13.Nf5 Bxh2+ 14.Kh1 O-O 15.Nxg7 Rd8
16.Qf3  1/2-1/2

[Event "World Open"]
[Site "Philadelphia USA"]
[Date "2000.07.04"]
[Round "9"]
[White "Goletiani,R"]
[Black "Kaidanov,G"]
[Result "0-1"]
[WhiteElo "2325"]
[BlackElo "2599"]

1.Nf3 d5 2.b3 Nf6 3.Bb2 e6 4.e3 Bd6 5.d4 O-O 6.Bd3 c5 7.O-O Nc6 8.a3 b6 9.Nbd2 Bb7
10.Ne5 Ne7 11.Qe2 Qc7 12.h3 Ne4 13.Bxe4 dxe4 14.Nec4 Bh2+ 15.Kh1 b5 16.Ne5 cxd4
17.Ng4 Bd6 18.exd4 f5 19.Ne5 Qxc2 20.Qxb5 Bd5 21.Nec4 Bf4 22.Qb4 Bxd2 23.Qxd2 Qxb3
24.Ne5 Rfc8 25.Rac1 Qxh3+ 26.gxh3 e3+ 27.Kg1 exd2 28.Rc3 Rab8 29.Ba1 Rb3
30.Rxc8+ Nxc8 31.Rd1 Rxa3 32.Bb2 Rxh3 33.f3 Bxf3 34.Nxf3 Rxf3 35.Rxd2 Nb6  0-1

[Event "101st US Open"]
[Site "Saint Paul USA"]
[Date "2000.08.06"]
[Round "2"]
[White "Kaidanov,G"]
[Black "Frumkin,E"]
[Result "1-0"]
[WhiteElo "2624"]
[BlackElo "2077"]

1.d4 g6 2.e4 Bg7 3.c3 d5 4.exd5 Qxd5 5.Nf3 c5 6.Na3 cxd4 7.Nb5 Qd8 8.Bf4 Na6
9.Nbxd4 Nf6 10.Bxa6 bxa6 11.O-O Qb6 12.Qa4+ Bd7 13.Qb3 O-O 14.Rfe1 e6 15.Ne5 Rfd8
16.Nc4 Qxb3 17.axb3 Nd5 18.Be5 f6 19.Bg3 e5 20.Nf3 Nc7 21.Nfd2 g5 22.f3 Be6
23.Bf2 Bf8 24.Ne4 Kf7 25.Na5 Nb5 26.Nc6 Rdc8 27.Rxa6 Bxb3 28.Nxf6 Kxf6 29.Nd4+ Nd6
30.Nxb3 Rab8 31.Nc5 Rxb2 32.Ne4+ Ke6 33.Rd1  1-0

[Event "101st US Open"]
[Site "Saint Paul USA"]
[Date "2000.08.08"]
[Round "4"]
[White "Kaidanov,G"]
[Black "Bereolos,P"]
[Result "1-0"]
[WhiteElo "2624"]
[BlackElo "2308"]

1.d4 g6 2.e4 Bg7 3.Nc3 c6 4.Nf3 d6 5.Be2 Nd7 6.O-O Nh6 7.h3 O-O 8.Be3 f6
9.Qd2 Nf7 10.d5 c5 11.Rab1 f5 12.exf5 gxf5 13.b4 b6 14.Rfe1 Nde5 15.Ng5 Nxg5
16.Bxg5 Ng6 17.Bh5 Be5 18.bxc5 bxc5 19.Ne2 Kh8 20.Bxg6 hxg6 21.Nf4 Kh7 22.Qe3 Rf7
23.Qg3 Kg8 24.Bh6 Rf6 25.Qh4 Qa5 26.Bg5 Rf7 27.Nxg6 Rh7 28.Nxe7+ Kg7 29.Bh6+ Rxh6
30.Qg5+ Kf7 31.Qxh6 Kxe7 32.f4 Rb8 33.fxe5  1-0

[Event "101st US Open"]
[Site "Saint Paul USA"]
[Date "2000.08.13"]
[Round "9"]
[White "Karklins,A"]
[Black "Kaidanov,G"]
[Result "0-1"]
[WhiteElo "2304"]
[BlackElo "2624"]

1.e4 e6 2.d4 d5 3.Nc3 Nf6 4.Bg5 dxe4 5.Nxe4 Be7 6.Nxf6+ Bxf6 7.Bxf6 Qxf6
8.Qd2 O-O 9.O-O-O b6 10.Be2 Nd7 11.Bf3 Rb8 12.Bc6 Qe7 13.Nf3 Qd6 14.Qc3 b5
15.Bxd7 Bxd7 16.Ne5 b4 17.Qf3 Rb5 18.Rhe1 Rd5 19.Re4 Bb5 20.Qg3 Rd8 21.Nf3 Qa6
22.Kb1 Be2 23.Re1 Bxf3 24.Qxf3 Qd6 25.R1e3 Qxh2 26.c4 bxc3 27.Rxc3 Rf5 28.Qe3 Qxg2
29.Rxc7 Rxf2 30.Rf4 Rxb2+ 31.Kc1 Rxa2  0-1

[Event "34th Olympiad"]
[Site "Istanbul TUR"]
[Date "2000.11.10"]
[Round "13"]
[White "Arencibia,W"]
[Black "Kaidanov,G"]
[Result "1-0"]
[WhiteElo "2513"]
[BlackElo "2624"]

1.b3 e5 2.Bb2 Nc6 3.e3 d5 4.Bb5 Bd6 5.f4 Qe7 6.Nf3 f6 7.Nc3 Be6 8.O-O Nh6
9.fxe5 fxe5 10.e4 dxe4 11.Nxe4 O-O 12.Bxc6 bxc6 13.Qe2 Bg4 14.Qc4+ Kh8 15.Nfg5 Bd7
16.Rae1 Nf5 17.Nf3 Rae8 18.Nf2 Be6 19.Qxc6 Nd4 20.Bxd4 exd4 21.Ne4 Bd7 22.Qd5 Rf5
23.Qxd4 Ba3 24.Nf2 Qd8 25.Rxe8+ Qxe8 26.Re1 Qc8 27.Qe3 Qf8 28.Nd3 Bd6 29.Nfe5 Bc8
30.Nc4 Bb7 31.Nxd6 cxd6 32.h4 h6 33.Qe8 Rf1+ 34.Kh2 Qxe8 35.Rxe8+ Kh7 36.Re1 Rf7
37.Re6 Rd7 38.c4  1-0

[Event "Aeroflot Open"]
[Site "Moscow RUS"]
[Date "2002.02.07"]
[Round "5"]
[White "Kaidanov,G"]
[Black "Sargissian,G"]
[Result "1/2-1/2"]
[WhiteElo "2596"]
[BlackElo "2515"]

1.d4 Nf6 2.c4 e6 3.Nf3 b6 4.g3 Ba6 5.Qa4 Be7 6.Bg2 O-O 7.Nc3 c6 8.Ne5 Qe8
9.O-O d5 10.cxd5 cxd5 11.Qxe8 Rxe8 12.Bf4 Nbd7 13.Nxd7 Nxd7 14.a4 Bc4 15.Rfc1 Rac8
16.e4 Nf6 17.Nb5 Bxb5 18.Rxc8 Rxc8 19.axb5 Nxe4 20.Rxa7  1/2-1/2

[Event "Aeroflot Open"]
[Site "Moscow RUS"]
[Date "2002.02.09"]
[Round "7"]
[White "Kaidanov,G"]
[Black "Tregubov,P"]
[Result "1/2-1/2"]
[WhiteElo "2596"]
[BlackElo "2626"]

1.d4 d5 2.c4 e6 3.Nf3 c6 4.Nbd2 f5 5.g3 Nf6 6.Bg2 Bd6 7.O-O O-O 8.Ne5 c5
9.Ndf3 Nc6 10.cxd5 exd5 11.Nxc6 bxc6 12.dxc5 Bxc5 13.Ne5 Qc7 14.Nd3 Bb6 15.Bf4 Qe7  1/2-1/2

[Event "11th Open"]
[Site "Chicago USA"]
[Date "2002.05.26"]
[Round "4"]
[White "Kudrin,S"]
[Black "Kaidanov,G"]
[Result "0-1"]
[WhiteElo "2540"]
[BlackElo "2616"]

1.e4 e5 2.Nf3 Nc6 3.Bc4 Bc5 4.c3 Nf6 5.d3 a6 6.O-O d6 7.Bb3 Ba7 8.Re1 O-O
9.h3 Be6 10.Nbd2 h6 11.Nf1 Re8 12.Be3 d5 13.Bxa7 Rxa7 14.Ng3 dxe4 15.dxe4 Qxd1
16.Raxd1 Bxb3 17.axb3 Raa8 18.Nd2 a5 19.Nc4 g6 20.Ne3  0-1

[Event "Tan Chin Nam Cup"]
[Site "Qingdao CHN"]
[Date "2002.07.05"]
[Round "4"]
[White "Liu Shilan"]
[Black "Kaidanov,G"]
[Result "1/2-1/2"]
[WhiteElo "2226"]
[BlackElo "2638"]

1.e4 e6 2.d4 d5 3.Nc3 Bb4 4.exd5 exd5 5.Qf3 Qe7+ 6.Ne2 Nc6 7.Be3 Nf6 8.h3 Ne4
9.O-O-O Bxc3 10.Nxc3 Nxc3 11.bxc3 Be6 12.Bd3 O-O-O 13.Kb2 Na5 14.Bf4 Qd7
15.Ka1 Bf5 16.Bg5 Bxd3 17.cxd3 Rde8 18.Rb1 Re6 19.Rb2 Rhe8 20.Rhb1 Rb6 21.Be3 Nc6
22.Rxb6 axb6 23.Bd2 Nd8 24.Re1 Rxe1+ 25.Bxe1 Ne6 26.Bd2 c5 27.dxc5 Nxc5 28.Be3 Nxd3
29.Bxb6 Ne5 30.Qe3 Nc6 31.Kb2 Qe6 32.Qc5 g6 33.a4 Kd7 34.Qb5 Qe4 35.Be3 Kc8
36.g3 Qc4 37.Kc2 Qa2+ 38.Kd1 Qa1+ 39.Kd2 Qa2+ 40.Ke1 Qa1+ 41.Kd2 Qa2+ 42.Ke1  1/2-1/2

[Event "Aeroflot Open"]
[Site "Moscow RUS"]
[Date "2003.02.18"]
[Round "8"]
[White "Kaidanov,G"]
[Black "Lerner,K"]
[Result "1-0"]
[WhiteElo "2629"]
[BlackElo "2507"]

1.d4 Nf6 2.c4 e6 3.Nc3 Bb4 4.e3 O-O 5.Bd3 d5 6.Nf3 c5 7.O-O Nc6 8.a3 Bxc3
9.bxc3 dxc4 10.Bxc4 Qc7 11.Bb2 e5 12.h3 Bf5 13.Qe2 Rad8 14.Bb5 e4 15.Nd2 Na5
16.c4 cxd4 17.exd4 Nd7 18.Qe3 a6 19.Bxd7 Rxd7 20.Rac1 Qb6 21.Bc3 Nc6 22.d5 Qxe3
23.fxe3 Ne7 24.Nb3 Bg6 25.Bb4 Rb8 26.Nc5 Rdd8 27.Nxa6 Nxd5 28.Nxb8 Nxe3 29.Rfe1 Nf5
30.Rxe4 Rxb8 31.g4 Nh6 32.Re7 f5 33.Rd1 fxg4 34.hxg4 Be8 35.Rde1 Bc6 36.Rc7 Rd8
37.Ree7 Rd1+ 38.Kf2 Nxg4+ 39.Ke2  1-0

[Event "12th Chicago Open"]
[Site "Oak Brook USA"]
[Date "2003.05.25"]
[Round "5"]
[White "Kaidanov,G"]
[Black "Novikov,I"]
[Result "1/2-1/2"]
[WhiteElo "2640"]
[BlackElo "2593"]

1.Nf3 d5 2.d4 Nf6 3.c4 e6 4.Nc3 c6 5.cxd5 exd5 6.Qc2 g6 7.Bg5 Be7 8.Bxf6 Bxf6
9.e3 Bf5 10.Bd3 Bxd3 11.Qxd3 Be7 12.O-O-O Nd7 13.Kb1  1/2-1/2

[Event "US Open"]
[Site "Los Angeles USA"]
[Date "2003.08.06"]
[Round "4"]
[White "Weinberger,T"]
[Black "Kaidanov,G"]
[Result "0-1"]
[WhiteElo "2220"]
[BlackElo "2638"]

1.d4 Nf6 2.c4 e6 3.Nc3 Bb4 4.e3 O-O 5.Bd3 d5 6.Nf3 c5 7.O-O dxc4 8.Bxc4 Nbd7
9.a3 cxd4 10.axb4 dxc3 11.bxc3 Qc7 12.Qd3 b6 13.Ba6 Bxa6 14.Qxa6 e5 15.Qe2 e4
16.Nd4 Ne5 17.b5 Qxc3 18.Ba3 Rfc8 19.h3 Nd3 20.Bd6 Qc4 21.Qa2 Nd5 22.Nc6 Qxb5
23.Nxa7 Qc4 24.Qxc4 Rxc4 25.Nc6 Rxa1 26.Rxa1 Rc1+ 27.Rxc1 Nxc1 28.Nd4 Nd3
29.Nb5 f5 30.g4 fxg4 31.hxg4 Kf7 32.Kg2 Ke6 33.Bf8 g6 34.Kg3 Ne5 35.Nd4+ Kf7
36.Bd6 Nc4 37.Bf4 Kf6 38.g5+ Kf7 39.f3 exf3 40.Kxf3 Nxf4 41.Kxf4 Ke7 42.Ke4 Kd7
43.Kf4 Kd6 44.e4 Na3 45.e5+ Kd5 46.e6 Kd6 47.Ke4 Nc4 48.Kf4 Na5 49.e7 Kxe7
50.Ke5 Nc4+ 51.Kd5 Na3 52.Nc6+ Kd7 53.Ne5+ Kc7 54.Nf3 b5 55.Ke5 b4 56.Nd2 Kc6
57.Kf6 Kd5  0-1

[Event "US Open"]
[Site "Los Angeles USA"]
[Date "2003.08.07"]
[Round "5"]
[White "Kaidanov,G"]
[Black "Pruess,D"]
[Result "1-0"]
[WhiteElo "2638"]
[BlackElo "2331"]

1.c4 e6 2.d4 d5 3.Nf3 c6 4.g3 Nf6 5.Bg2 Nbd7 6.O-O Bd6 7.Nc3 O-O 8.Nd2 Be7
9.e4 c5 10.e5 Ne8 11.Nf3 dxc4 12.d5 exd5 13.Nxd5 Nb6 14.Nxe7+ Qxe7 15.Bg5 Qc7
16.Bd8 Qd7 17.Qxd7 Bxd7 18.Be7 Nc7 19.Bxf8 Rxf8 20.Ng5 Nbd5 21.Rfd1 Be6 22.Rd2 h6
23.Ne4 b6 24.Nd6 c3 25.bxc3 Nxc3 26.a4 a6 27.Rb2 N7d5 28.Rc2 a5 29.Bf1 Rd8
30.Bc4 Kf8 31.Bb3 Ke7 32.Re1 Rb8 33.f3 f6 34.exf6+ Kxd6 35.Rxc3 gxf6 36.Rd3 Rd8
37.Bxd5 Bxd5 38.Rxd5+ Kxd5 39.Rd1+ Kc4 40.Rxd8 Kb3 41.Rb8  1-0

[Event "US Open"]
[Site "Los Angeles USA"]
[Date "2003.08.10"]
[Round "6"]
[White "Del Pilar,R"]
[Black "Kaidanov,G"]
[Result "0-1"]
[WhiteElo "2232"]
[BlackElo "2638"]

1.Nf3 d5 2.b3 Nf6 3.Bb2 e6 4.e3 Bd6 5.Be2 O-O 6.c4 c5 7.d3 Nc6 8.Nbd2 b6
9.Rc1 Bb7 10.Qc2 Re8 11.a3 a5 12.O-O d4 13.exd4 cxd4 14.Rfe1 h6 15.Bf1 e5
16.g3 Nd7 17.Bg2 Nc5 18.Nh4 Qd7 19.Ne4 Be7 20.Qd1 Bxh4 21.gxh4 Nd8 22.b4 axb4
23.axb4 Nxe4 24.Bxe4 Bxe4 25.Rxe4 Ne6 26.Qg4 Ra2 27.Re2 Qa4 28.Rce1 Nf4 29.Qxf4 exf4
30.Rxe8+ Kh7 31.Bxd4 Qxb4 32.Kg2 Qd6 33.R1e4 f5 34.R8e6 Qf8 35.Re7 fxe4  0-1

[Event "US Open"]
[Site "Los Angeles USA"]
[Date "2003.08.11"]
[Round "7"]
[White "Kaidanov,G"]
[Black "Andrianov,N"]
[Result "1/2-1/2"]
[WhiteElo "2638"]
[BlackElo "2475"]

1.d4 d5 2.c4 c6 3.Nf3 Nf6 4.Nc3 a6 5.e3 b5 6.b3 Bg4 7.Be2 Nbd7 8.Bb2 e6 9.h3 Bh5
10.O-O Be7 11.Ne5 Bxe2 12.Nxe2 Rc8 13.Rc1 bxc4 14.bxc4 O-O 15.Qa4 Nxe5 16.dxe5 Nd7
17.cxd5 cxd5 18.Bd4 Bc5 19.Bxc5 Nxc5 20.Qa3 Nd7 21.Rxc8 Qxc8 22.Rc1 Qb7 23.f4 Rc8
24.Nd4 Rxc1+ 25.Qxc1 g6 26.Kh2 Nb6 27.Qc5 Nc4 28.Nb3 Qb6 29.Qxb6 Nxb6 30.Kg3 Na4
31.Kf2 f6 32.exf6 Kf7 33.g4 Kxf6 34.g5+ Ke7 35.a3 Nb2 36.Kf3 Nc4 37.a4 Nb2
38.a5 Nc4 39.e4 dxe4+ 40.Kxe4 Kd6 41.Kd4 Na3 42.Nd2 Nc2+ 43.Kc3 Ne1 44.Ne4+  1/2-1/2

[Event "Chicago Open"]
[Site "Chicago USA"]
[Date "2004.05.29"]
[Round "2"]
[White "Sarkar,J"]
[Black "Kaidanov,G"]
[Result "1-0"]
[WhiteElo "2375"]
[BlackElo "2621"]

1.d4 Nf6 2.c4 e6 3.Nc3 Bb4 4.Qc2 O-O 5.a3 Bxc3+ 6.Qxc3 b6 7.Bg5 Bb7 8.e3 d6
9.Ne2 Nbd7 10.Qd3 a5 11.b3 d5 12.Nc3 dxc4 13.Qxc4 Rc8 14.O-O-O c5 15.Kb2 Qe7
16.f3 Rfd8 17.Be2 h6 18.Bh4 Bd5 19.Nxd5 exd5 20.Qc3 c4 21.a4 Re8 22.Bf2 b5
23.axb5 Rb8 24.bxc4 dxc4 25.Qxc4 Rec8 26.Qb3 Nb6 27.Rc1 Nfd5 28.g3 Qb4 29.Qxb4 axb4
30.e4 Nc3 31.Bd3 Ra8 32.Kb3 Ra3+ 33.Kxb4 Rca8 34.Rxc3 R8a4+ 35.Kc5 Rxc3+
36.Kxb6 Rxd3 37.d5 Rxf3 38.Bc5 Rxe4 39.d6 Rd3 40.Ra1 Re8 41.Ra7 Re2 42.Kc6 Rxh2
43.b6 Rb2 44.d7 Kh7 45.Ra8  1-0

[Event "7th Foxwoods Open"]
[Site "Connecticut USA"]
[Date "2005.03.23"]
[Round "1"]
[White "Boor,C"]
[Black "Kaidanov,G"]
[Result "0-1"]
[WhiteElo "2226"]
[BlackElo "2629"]

1.d4 d5 2.c4 e6 3.Nc3 c6 4.cxd5 exd5 5.f3 Bd6 6.e4 Qh4+ 7.Ke2 Be6 8.Be3 Nd7
9.Kd3 Ne7 10.Kc2 Rc8 11.Rc1 c5 12.Kb1 cxd4 13.Bxd4 O-O 14.Bb5 Nc5 15.exd5 Bf5+
16.Ka1 Bg6 17.Nge2 Rfd8 18.Bxc5 Bxc5 19.g3 Qb4 20.a3 Qa5 21.Nf4 Bxa3 22.Qa4 Qxa4
23.Bxa4 Bd6 24.Nxg6 hxg6 25.Bb3 Nf5 26.Rhe1 Nd4 27.Bd1 Bb4 28.Kb1  0-1

[Event "7th Foxwoods Open"]
[Site "Connecticut USA"]
[Date "2005.03.25"]
[Round "4"]
[White "Kaidanov,G"]
[Black "Georgiev,Vl"]
[Result "0-1"]
[WhiteElo "2629"]
[BlackElo "2517"]

1.d4 d5 2.c4 c6 3.Nf3 Nf6 4.Nc3 a6 5.c5 Nbd7 6.Bf4 Nh5 7.e3 b6 8.cxb6 Qxb6
9.Bd3 Nxf4 10.exf4 Qxb2 11.Rc1 g6 12.O-O Bh6 13.g3 O-O 14.Na4 Qb4 15.Rxc6 Rb8
16.Qc2 a5 17.Rc3 Bg7 18.Re1 Re8 19.h4 Nf8 20.a3 Qd6 21.f5 Bd7 22.Ne5 Rec8
23.Nc5 Be8 24.Na6 Rxc3 25.Qxc3 Ra8 26.Qxa5 gxf5 27.Qb4 Ne6 28.Qxd6 exd6 29.Nf3 Bd7
30.Rb1 Nxd4 31.Nxd4 Bxd4 32.Rb8+ Rxb8 33.Nxb8 Ba4 34.Bxf5 Bc5 35.Bd7 Bb3
36.Nc6 d4 37.Bf5 Bc4 38.Na5 Be2 39.Bc8 Bxa3 40.Nb3 d3 41.Ba6 Bd1 42.Nd2 Bb4
43.Nf1 d2  0-1

[Event "107th Annual US Open"]
[Site "Chicago USA"]
[Date "2006.08.07"]
[Round "3"]
[White "Macenis,A"]
[Black "Kaidanov,G"]
[Result "0-1"]
[WhiteElo "1908"]
[BlackElo "2596"]

1.e4 e5 2.Nf3 Nc6 3.d4 exd4 4.Nxd4 Bb4+ 5.c3 Bc5 6.Be3 Bb6 7.Bc4 d6 8.O-O Nf6
9.Nd2 O-O 10.Nxc6 bxc6 11.Bxb6 axb6 12.Re1 Re8 13.Qc2 Ra5 14.f4 Re7 15.Nf3 d5
16.exd5 cxd5 17.Bb3 c5 18.a3 Bb7 19.Rxe7 Qxe7 20.Re1 Qd6 21.Ne5 Ra8 22.Qf5 Bc8
23.Qd3 Ba6 24.Qd2 Rd8 25.Rd1 Bb7 26.Qe2 Bc8 27.Qb5 Bb7 28.h3 Qc7 29.Qe2 g6
30.Qf2 Kg7 31.Re1 Ne4 32.Rxe4 dxe4 33.Nxf7 Rf8 34.Ng5 Bc8 35.g3 Qe7 36.Bd5 h6
37.Nxe4 Rd8  0-1

[Event "107th Annual US Open"]
[Site "Chicago USA"]
[Date "2006.08.09"]
[Round "5"]
[White "Gurevich,D"]
[Black "Kaidanov,G"]
[Result "1/2-1/2"]
[WhiteElo "2507"]
[BlackElo "2596"]

1.d4 Nf6 2.c4 e6 3.Nc3 Bb4 4.e3 O-O 5.Ne2 d5 6.a3 Be7 7.Ng3 c5 8.dxc5 Bxc5
9.b4 Be7 10.Bb2 Nc6 11.Be2 dxc4 12.Bxc4 Ne5 13.Be2 Bd7 14.O-O Rc8 15.Qb3 a6
16.Rfd1 Qc7 17.Rac1 Qb8 18.Na4 Bc6 19.Nc5 Bd5 20.Qc3 Ned7 21.Nxd7 Rxc3 22.Nxb8 Rxc1
23.Rxc1 Rxb8 24.f3 Ne8 25.Bd4  1/2-1/2

[Event "107th Annual US Open"]
[Site "Chicago USA"]
[Date "2006.08.10"]
[Round "6"]
[White "Kaidanov,G"]
[Black "Young,A PHI"]
[Result "1-0"]
[WhiteElo "2596"]
[BlackElo "2358"]

1.d4 e6 2.c4 b6 3.a3 g6 4.e4 Bg7 5.Nf3 Ne7 6.Nc3 O-O 7.h4 d5 8.e5 c5 9.h5 Nbc6
10.dxc5 bxc5 11.Bf4 Rb8 12.Rb1 Qa5 13.Bd2 Qd8 14.Bf4 Qa5 15.Bd2 Qc7 16.Nb5 Qd8
17.Bf4 Nf5 18.g4 Nfd4 19.Nbxd4 cxd4 20.Nxd4 Nxd4 21.Qxd4 dxc4 22.Qxc4 Qa5+
23.b4 Qxa3 24.Rh3 Qa4 25.h6 Bh8 26.b5 Qxc4 27.Bxc4 Bb7 28.Ra1 Rfc8 29.Be2 g5
30.Bh2 Rc5 31.Rxa7 Bd5 32.Re3 Rc1+ 33.Kd2 Rh1 34.Bg3 Rxh6 35.Rc3 Rh3 36.Rcc7 Rf8
37.Bc4 Rxg3 38.fxg3 Bxe5 39.Bxd5 Rd8  1-0

[Event "107th Annual US Open"]
[Site "Chicago USA"]
[Date "2006.08.13"]
[Round "9"]
[White "Kaidanov,G"]
[Black "Kochetkov,Vit"]
[Result "1-0"]
[WhiteElo "2596"]
[BlackElo "2308"]

1.d4 d5 2.c4 c6 3.Nc3 dxc4 4.e3 Be6 5.Nge2 f6 6.g3 Bf7 7.Bg2 e5 8.O-O Bb4
9.Qc2 Ne7 10.dxe5 fxe5 11.Rd1 Qc7 12.Ne4 Nd5 13.Ng5 Nf6 14.f4 exf4 15.Nxf4 Na6
16.Bh3 Nc5 17.a3 Nb3 18.Nfe6 Bxe6 19.Nxe6 Qe5 20.Qxc4 Nxa1 21.Nxg7+ Kf8 22.Ne6+ Ke8
23.axb4 Rg8 24.e4 Qh5 25.Nc7+ Kf8 26.Rf1  1-0

[Event "ch-USA"]
[Site "Stillwater USA"]
[Date "2007.05.17"]
[Round "3"]
[White "Kudrin,S"]
[Black "Kaidanov,G"]
[Result "0-1"]
[WhiteElo "2556"]
[BlackElo "2595"]

1.e4 e5 2.Nf3 Nc6 3.Bb5 a6 4.Ba4 Nf6 5.O-O Be7 6.Re1 b5 7.Bb3 O-O 8.d3 Bb7
9.a4 Re8 10.Nbd2 Bf8 11.Nf1 h6 12.Ne3 Na5 13.Ba2 c5 14.Bd2 b4 15.h3 Rc8 16.Nc4 Nxc4
17.Bxc4 d5 18.exd5 Qd6 19.Nh2 Bxd5 20.Bxd5 Qxd5 21.Nf1 e4 22.dxe4 Nxe4 23.Be3 Qe5
24.Qc1 c4 25.f3 Nf6 26.Bf2 Qc7 27.Rxe8 Rxe8 28.Qd2 Qc6 29.Ng3 Rc8 30.c3 bxc3
31.bxc3 Nd7 32.Qe2 Nb6 33.Qe4 Nd5 34.Qd4 Be7 35.Nh5 Nf6 36.Qe5 Nxh5 37.Qxe7 Nf4
38.Qe5 Nd3 39.Qd4 Re8 40.Ra2 Nc1  0-1

[Event "ch-USA"]
[Site "Stillwater USA"]
[Date "2007.05.22"]
[Round "8"]
[White "Kaidanov,G"]
[Black "Ivanov,AV USA"]
[Result "1-0"]
[WhiteElo "2595"]
[BlackElo "2565"]

1.e4 c6 2.d4 d5 3.Nd2 dxe4 4.Nxe4 Bf5 5.Ng3 Bg6 6.h4 h6 7.Nf3 e6 8.h5 Bh7
9.Bd3 Bxd3 10.Qxd3 Nf6 11.Bf4 Bb4+ 12.c3 Bd6 13.Ne5 O-O 14.O-O-O Nbd7 15.Ne4 Nxe4
16.Qxe4 Qc7 17.Kb1 Rad8 18.g4 Nf6 19.Qe2 Nd5 20.Bd2 c5 21.g5 cxd4 22.cxd4 hxg5
23.Bxg5 Be7 24.Rdg1 Qb6 25.Qd2 f6 26.h6 fxe5 27.Bxe7 Nxe7 28.Rxg7+ Kh8 29.Qg5  1-0

[Event "SPICE Cup"]
[Site "Lubbock USA"]
[Date "2008.09.22"]
[Round "4"]
[White "Kaidanov,G"]
[Black "Mikhalevski,V"]
[Result "0-1"]
[WhiteElo "2605"]
[BlackElo "2592"]

1.d4 Nf6 2.c4 g6 3.Nc3 d5 4.Bf4 Bg7 5.e3 c5 6.dxc5 Qa5 7.Rc1 dxc4 8.Bxc4 O-O
9.Ne2 Qxc5 10.Qb3 Qa5 11.O-O Nc6 12.Rfd1 Nh5 13.a3 Nxf4 14.Nxf4 Bg4 15.f3 Bc8
16.Nfd5 e6 17.Nf4 Qe5 18.Rd3 b6 19.Qa4 Na5 20.Bb5 a6 21.Bc6 Ra7 22.Nfe2 Rc7
23.f4 Qf6 24.Bf3 Nc4 25.Qb3 Qe7 26.a4 Bd7 27.Rcd1 Rfc8 28.h3 Be8 29.Kh2 Qc5
30.e4 g5 31.g3 Qf2+ 32.Bg2 Ne3 33.Rg1 Bxc3 34.Nxc3 gxf4 35.gxf4 Qxf4+ 36.Kh1 Nc4
37.Ne2 Qe5 38.Rg3+ Kf8 39.Qb4+ Rc5 40.b3 Nd6 41.Rd3 a5 42.Qd2 Nxe4 43.Qh6+ Ke7
44.Qh4+ Nf6 45.Rf1 Qg5 46.Qd4 Qe5 47.Qh4 Qg5 48.Qd4 Bc6 49.Qd6+ Ke8 50.Rg3 Qe5
51.Bxc6+ R8xc6 52.Qxe5 Rxe5 53.Nd4 Rd6 54.Nb5 Rxb5 55.axb5 Ke7 56.Rgf3 e5
57.Rf5 Re6 58.Kg2 h6 59.R1f3 Nd5 60.Rxf7+ Kd6 61.Rd3 Kc5 62.Kf2 e4 63.Rd1 Re5
64.Rc1+ Kxb5 65.Rc4 e3+ 66.Ke1 Rg5 67.Rg4 Rh5 68.h4 Re5 69.Rd4 Kc5 70.Rc4+ Kb5
71.Rd7 Rf5 72.Rd6 Nf4 73.Rc2 Rh5 74.Rcc6 Rxh4 75.Rxb6+ Kc5 76.Rbc6+ Kb4 77.Rxh6 Rg4
78.Rb6+ Kc3 79.Rh1 Rg2 80.Rc6+ Kb2 81.Rd6 Re2+ 82.Kd1 Rc2  0-1

[Event "ch-USA"]
[Site "Saint Louis USA"]
[Date "2010.05.18"]
[Round "5"]
[White "Kudrin,S"]
[Black "Kaidanov,G"]
[Result "0-1"]
[WhiteElo "2571"]
[BlackElo "2577"]

1.e4 e6 2.d4 d5 3.Nd2 c5 4.exd5 exd5 5.Ngf3 Nc6 6.Bb5 Bd6 7.dxc5 Bxc5 8.O-O Ne7
9.Nb3 Bd6 10.Re1 O-O 11.Bg5 Bg4 12.Be2 Re8 13.c3 Qc7 14.h3 Bd7 15.Nbd4 a6
16.Bd3 Ng6 17.Qc2 Nf8 18.Nf5 Bxf5 19.Bxf5 h6 20.Be3 Rad8 21.Rad1 Ne6 22.Qa4 Bf8
23.Qg4 g6 24.Bb1 h5 25.Qa4 Bg7 26.a3 d4 27.cxd4 Nexd4 28.Nxd4 Bxd4 29.Bxd4 Rxe1+
30.Rxe1 Nxd4 31.Qb4 Rd6 32.Be4 b5 33.Kf1 Ne6 34.Bf3 Rd4 35.Qb3 Rd2 36.Rd1 Nd4
37.Qd5 Qh2 38.Ke1 Rxb2 39.Qd8+ Kh7  0-1

[Event "Continental Class Ch"]
[Site "Arlington USA"]
[Date "2010.10.08"]
[Round "3"]
[White "Paulina,D"]
[Black "Kaidanov,G"]
[Result "0-1"]
[WhiteElo "2060"]
[BlackElo "2575"]

1.e4 e6 2.d4 d5 3.Nc3 Bb4 4.e5 Ne7 5.Qg4 c5 6.a3 Qa5 7.Bd2 cxd4 8.Qxd4 Nbc6
9.Qg4 d4 10.Ne4 Bxd2+ 11.Nxd2 Qxe5+ 12.Be2 O-O 13.O-O-O f5 14.Qh3 Qf6 15.f4 Nd5
16.g3 Ne3 17.Re1 e5 18.Nc4 Nxc4 19.Bxc4+ Be6 20.Bxe6+ Qxe6 21.Kb1 e4 22.Nf3 Qd5
23.Nd2 e3 24.Nb3 d3 25.Qf1 e2 26.Qg1 Rfe8 27.cxd3  0-1

[Event "Continental Class Ch"]
[Site "Arlington USA"]
[Date "2010.10.11"]
[Round "8"]
[White "Kaidanov,G"]
[Black "Paragua,M"]
[Result "1/2-1/2"]
[WhiteElo "2575"]
[BlackElo "2496"]

1.d4 Nf6 2.c4 e6 3.Nc3 Bb4 4.e3 O-O 5.Bd3 d5 6.Nf3 c5 7.O-O cxd4 8.exd4 dxc4
9.Bxc4 Nc6 10.Bg5 h6 11.Bh4 Be7 12.Bg3 a6 13.Rc1 b5 14.Bd3 Bb7 15.Re1 Rc8
16.Bb1 Na5 17.Be5 Nc4 18.Qc2 g6 19.Qe2 Nxe5 20.dxe5 Nd5 21.Ne4 Qb6 22.Rcd1 Bb4
23.Nfd2 Qd4 24.a3 Nf4 25.Qe3 Qxe3 26.fxe3 Bxd2 27.Nf6+ Kg7 28.Rxd2 Nd5 29.Be4 Ba8
30.Bxd5 Bxd5 31.e4 Bb3 32.Re3 Rc2 33.Rxc2 Bxc2 34.Rc3 Bb1 35.Kf2 a5 36.Rc5 Bd3
37.Rc3 Rd8 38.Ke3 Bf1 39.g4 g5 40.Rc1 Bc4 41.a4 Rd3+ 42.Kf2 Rd2+ 43.Kg1 Rxb2
44.axb5 Rb4 45.b6 Ba6 46.Rd1 h5 47.Nxh5+ Kg6 48.Nf6 Rxb6 49.Rd8 Rb5 50.Rg8+ Kh6
51.Rh8+ Kg6 52.Rg8+ Kh6 53.h4 Rxe5 54.Nd7 Kh7 55.Nf6+ Kh6 56.Nd7 Kh7  1/2-1/2

[Event "Continental Class Ch"]
[Site "Arlington USA"]
[Date "2010.10.11"]
[Round "9"]
[White "Kaidanov,G"]
[Black "Gurevich,D"]
[Result "1-0"]
[WhiteElo "2575"]
[BlackElo "2465"]

1.d4 Nf6 2.c4 c5 3.d5 b5 4.cxb5 a6 5.bxa6 g6 6.Nc3 Bxa6 7.Nf3 Bg7 8.g3 d6
9.Bg2 Nbd7 10.Rb1 Qa5 11.O-O O-O 12.Bd2 Rfb8 13.b3 Ne8 14.Qc2 Qa3 15.Bc1 Qa5
16.Bb2 c4 17.Na4 Bxb2 18.Rxb2 Bb5 19.Nc3 cxb3 20.axb3 Rc8 21.b4 Qb6 22.Qd2 Ne5
23.Nxe5 dxe5 24.d6 Ra7 25.dxe7 Rd7 26.Qh6 Nf6 27.Nxb5 Qxb5 28.Bh3  1-0